• 首页
  • 本馆介绍
  • 公告通知
  • 最新文献
  • 馆藏检索
  • 电子资源
  • 读者导购
  • 参考咨询
  • 我的图书馆
  • 登录
  • 详细信息显示
  • 放入我的书架
  • 预约/预借图书
  • 作者相关作品
  • 分类相关作品
  • 丛书相关作品
  • 出版社相关作品

书目信息

  • 表格格式
  • 工作单格式
  • 卡片格式
题名:
如何让孩子人际力超群
    
 
作者: 王意中 著
分册:  
出版信息: 桂林   漓江出版社  2016
页数: 217页
开本: 23cm
丛书名:
单 册:
中图分类: G781
科图分类:
主题词: 儿童教育--家庭教育
电子资源:
ISBN: 978-7-5407-7873-6
000 00881nam0 2200229 450
001 224
005 20180520201009.55
010    @a978-7-5407-7873-6@dCNY39.00
100    @a20161213d2016 em y0chiy50 ea
101 0  @achi
102    @aCN@b450000
105    @ay z 000yy
200 1  @a如何让孩子人际力超群@9ru he rang hai zi ren ji li chao qun@e孩子想知道的180个交友秘诀@f王意中著
210    @a桂林@c漓江出版社@d2016
215    @a217页@d23cm
330    @a本书围绕人际关系的八大重点,针对青少年人际交往中的普遍困惑,带领我们引导孩子修正、微调或转换原先的人际模式,创造出适合自己且与社会融合的人际风格,告别阴霾,走向光明的晴天。
517 1  @a孩子想知道的180个交友秘诀@9hai zi xiang zhi dao de 180 ge jiao you mi jue
606 0  @a儿童教育@x家庭教育
690    @aG781@v5
701  0 @a王意中@9wang yi zhong@4著
801  0 @aCN@b91MARC@c20161213
905    @aMuseLib@dC912.11@e1120
    
    如何让孩子人际力超群:孩子想知道的180个交友秘诀/王意中著.-桂林:漓江出版社,2016
    217页;23cm
    
    
    ISBN 978-7-5407-7873-6:CNY39.00
    本书围绕人际关系的八大重点,针对青少年人际交往中的普遍困惑,带领我们引导孩子修正、微调或转换原先的人际模式,创造出适合自己且与社会融合的人际风格,告别阴霾,走向光明的晴天。
●
相关链接 在E读中查询图书 在五车中查询图书 在当当中查询图书 在豆瓣中查询图书


正题名:如何让孩子人际力超群     索取号:C912.11/1120         预约/预借

序号 登录号 条形码 馆藏地/架位号 状态 备注
1 1101276   211012768   第一借阅区/ [索取号:C912.11/1120] 在馆    
2 1101277   211012777   教育系资料室/ [索取号:C912.11/1120] 在馆    
3 1101278   211012786   教育系资料室/ [索取号:C912.11/1120] 在馆    
4 1101279   211012795   教育系资料室/ [索取号:C912.11/1120] 在馆    
5 1101280   211012802   第一借阅区/ [索取号:C912.11/1120] 在馆    
6 1101281   211012811   第一借阅区/ [索取号:C912.11/1120] 在馆    
7 998698   209986988   第一样本阅览室/ [索取号:C912.11/1120] 在馆    
8 998699   209986997   第一借阅区/ [索取号:C912.11/1120] 在馆    
9 998700   209987004   第一借阅区/ [索取号:C912.11/1120] 在馆    
10 998701   209987013   第一借阅区/ [索取号:C912.11/1120] 在馆    
11 998702   209987022   第一借阅区/ [索取号:C912.11/1120] 在馆    
12 998703   209987031   密集书库-马院/ [索取号:C912.11/1120] 在馆    
唐山师范学院图书馆 欢迎您!
大连网信软件有限公司© 版权所有